000 00601nam a22002177a 4500
003 OSt
005 20260114143357.0
008 251210b |||||||| |||| 00| 0 eng d
020 _a0340764198
040 _aLNDL
_cLNDL
041 _aeng
245 _aAn introduction to applied linguistics /
_cedited by Schmitt Norbert
260 _aLondon :
_bArnold ,
_c20002.
300 _a344p.
650 _aLanguage use
_9855733
650 _aApplied Linguistics
_9855853
650 _aLinguistics
_9855854
700 _aSchmitt, Norbert, ed.
_9855855
942 _2CC
_cGB
_n0
999 _c1466138
_d1466138